01178nam a2200289 a 4500001001200000003000800012006001900020007001500039008004100054020001800095020002700113040002100140035002100161050002700182245014500209260003300354300002300387504004100410533015200451650002600603650003500629655002900664700002200693700003000715710001700745856012600762ebr10386004CaPaEBRm u cr cn|||||||||100525s2010 gw ad sb 000 0 eng d z9783110230208 z9783110230215 (e-book) aCaPaEBRcCaPaEBR a(OCoLC)65104676014aP301.5.M48bE65 2010eb00aTropical truth(s)h[electronic resource] :bthe epistemology of metaphor and other tropes /cedited by Armin Burkhardt and Brigitte Nerlich. aBerlin :bDe Gruyter,c2010. avi, 427 p. :bill. aIncludes bibliographical references. aElectronic reproduction.bPalo Alto, Calif. :cebrary,d2010.nAvailable via World Wide Web.nAccess may be limited to ebrary affiliated libraries. 0aMetaphorxPhilosophy. 0aFigures of speechxPhilosophy. 7aElectronic books.2local1 aBurkhardt, Armin.1 aNerlich, Brigitte,d1956-2 aebrary, Inc.40uhttp://site.ebrary.com/lib/rucke/Doc?id=10386004zAn electronic book accessible through the World Wide Web; click to view